00501nam a2200157 a 4500008004100000050001400041100002700055245005500082246006200137260003200199300002300231350000900254650004600263650001400309650002000323120416s1963 ||||||||||||||||| || u aHD 82 Wal aWalinsky, Louis Joseph14aThe planning and execution of economic development aa nontechnical guide for policy makers and administrators aNew YorkbMcGraw-Hillc1963 axiii, 248p. : ill. a0.00 0aECONOMIC DEVELOPMENT--AFRICA, SUB-SAHARAN 0aECONOMICS 0aECONOMIC POLICY